Получение бензина из бурого угля методом полукоксования и расщепления: пер. с нем.

Λεπτομέρειες βιβλιογραφικής εγγραφής
Κύριος συγγραφέας: Вюрцнер Э.
Γλώσσα:Ρωσικά
Έκδοση: Харьков, НКТП, 1935
Θέματα:
Μορφή: Βιβλίο
KOHA link:https://koha.lib.tpu.ru/cgi-bin/koha/opac-detail.pl?biblionumber=243582

MARC

LEADER 00000nam0a2200000 4500
001 243582
005 20231101232000.0
035 |a (RuTPU)RU\TPU\book\264932 
090 |a 243582 
100 |a 20131002d1935 k y0rusy50 ca 
101 1 |a rus  |c ger 
102 |a UA 
105 |a a z 001zy 
200 1 |a Получение бензина из бурого угля методом полукоксования и расщепления  |e пер. с нем.  |f Э. Вюрцнер 
210 |a Харьков  |c НКТП  |d 1935 
215 |a 68 с.  |c ил. 
320 |a Библиогр. в примеч. 
606 1 |a Бензин  |x Производство  |2 stltpush  |3 (RuTPU)RU\TPU\subj\34002  |9 56083 
610 1 |a бурый уголь 
610 1 |a коксование 
610 1 |a расщепление 
610 1 |a моторное топливо 
610 1 |a крекинг 
610 1 |a установки 
610 1 |a производственные условия 
675 |a 665.633  |v 3 
700 1 |a Вюрцнер  |b Э. 
801 1 |a RU  |b 63413507  |c 20131002 
801 2 |a RU  |b 63413507  |c 20140522  |g RCR 
942 |c BK